00354nam a2200133Ia 4500003000400000005001700004008004000021040000700061041000800068082001100076100001600087245005700103260006000160OSt20230317154118.0210210b1944 xxu||||| |||| 00| 0 eng d cAL aeng a331/78 aGHOSE (B C) aIntroduction to banking: principles practice and law aBombaybHumphrey Milford, Oxford University Pressc1944